[Event "NRW Class1 1516"]
[Site "Germany"]
[Date "2016.01.10"]
[Round "5.8"]
[White "Mandt, Mathias"]
[Black "Hagenhoff, Georg"]
[Result "1/2-1/2"]
[WhiteElo "2085"]
[BlackElo "1854"]
[PlyCount "129"]
[EventDate "2015.09.27"]
[EventType "team-tourn"]
[EventRounds "9"]
[EventCountry "GER"]
[SourceTitle "EXT 2017"]
[Source "ChessBase"]
[SourceDate "2016.10.25"]
[SourceVersion "1"]
[SourceVersionDate "2016.10.25"]
[SourceQuality "1"]
[WhiteTeam "Koeln Lasker"]
[BlackTeam "Lippstadt Turm"]
[WhiteTeamCountry "GER"]
[BlackTeamCountry "GER"]

1. d4 d5 2. c4 e6 3. Nc3 Nf6 4. Bg5 Be7 5. e3 a6 6. Nf3 b6 7. Bd3 Bb7 8. 0-0 Nbd7 9. Rc1 0-0 10. Qe2 Re8 11. Rfd1 h6 12. Bh4 Nf8 13. Ne5 dxc4 14. Bxc4 Nd5 15. Bg3 f6 16. Nf3 Bd6 17. Ne4 Bxg3 18. Nxg3 Ng6 19. Qc2 f5 20. a3 Rc8 21. Ne2 Kh8 22. Qd2 Nf6 23. Ne1 Ne4 24. Qd3 b5 25. Ba2 Qh4 26. Ng3 c5 27. dxc5 Nxc5 28. Qe2 Qf6 29. f3 Na4 30. Nd3 e5 31. e4 Nf4 32. Nxf4 exf4 33. Nh5 Qe5 34. Rxc8 Rxc8 35. g3 fxg3 36. Nxg3 fxe4 37. fxe4 Re8 38. Bd5 Bxd5 39. Rxd5 Qxd5 40. exd5 Rxe2 41. Nxe2 Kg8 42. b4 Kf7 43. Nd4 Ke7 44. Nf5+ Kf6 45. d6 Nb6 46. Nd4 Ke5 47. Nc6+ Kxd6 48. Nb8 Nc4 49. Nxa6 Nxa3 50. Kf2 Kd5 51. Kf3 Nc2 52. Kf4 g6 53. h4 Nd4 54. Nc7+ Kd6 55. Na6 Ne6+ 56. Ke4 g5 57. hxg5 hxg5 58. Kf5 Kd5 59. Nb8 Kc4 60. Na6 Kd4 61. Nb8 Kc3 62. Na6 Kc4 63. Kg4 Kd5 64. Kf5 Kc4 65. Kg4 1/2-1/2

[Event "Oberliga NRW 0102 II"]
[Site "Germany"]
[Date "2002.04.07"]
[Round "8.8"]
[White "Hagenhoff, Georg"]
[Black "Prueske, Wolfgang"]
[Result "0-1"]
[WhiteElo "2019"]
[BlackElo "2107"]
[PlyCount "138"]
[EventDate "2001.10.??"]
[EventType "team"]
[EventRounds "9"]
[EventCountry "GER"]
[SourceTitle "EXT 2004"]
[Source "ChessBase"]
[SourceDate "2003.11.25"]
[SourceVersion "1"]
[SourceVersionDate "2003.11.25"]
[SourceQuality "1"]
[WhiteTeam "Lippstadt Turm"]
[BlackTeam "Dortmund Hansa"]
[WhiteTeamCountry "GER"]
[BlackTeamCountry "GER"]

1. e4 c6 2. d4 d5 3. Nd2 dxe4 4. Nxe4 Bf5 5. Ng3 Bg6 6. Nf3 Nd7 7. Bd3 Ngf6 8. h4 Bxd3 9. Qxd3 e6 10. Bf4 Qa5+ 11. c3 Be7 12. 0-0 c5 13. Ne4 Nxe4 14. Qxe4 Qb6 15. Rfe1 cxd4 16. cxd4 Nf6 17. Qc2 0-0 18. Re3 Rac8 19. Rc3 Rxc3 20. bxc3 Rc8 21. c4 Qc6 22. Qb3 b6 23. Re1 Bd6 24. Bxd6 Qxd6 25. Rc1 Qf4 26. Rd1 h6 27. a4 g5 28. g3 Qg4 29. hxg5 hxg5 30. Kg2 Qe4 31. Re1 Qc6 32. Kg1 Qxc4 33. Qe3 Qd5 34. Nxg5 Kg7 35. Nf3 Qh5 36. Kg2 Rh8 37. Qg5+ Qxg5 38. Nxg5 Rc8 39. Ra1 Rc4 40. Nf3 Ne4 41. a5 b5 42. Ra2 Kf6 43. Re2 Nc3 44. Rc2 b4 45. Rb2 Nd5 46. Rb3 Rc2 47. Ne5 Ke7 48. Kf3 f6 49. Nd3 Rc4 50. Ke4 Kd6 51. Nb2 Rc2 52. f4 Kc6 53. f5 exf5+ 54. Kxf5 Rf2+ 55. Ke4 Re2+ 56. Kf3 Re6 57. Na4 Kb5 58. Nc5 Re7 59. Rd3 Kxa5 60. Kg4 Kb5 61. Kf5 a5 62. Ne4 Kc4 63. Rd2 b3 64. g4 a4 65. Nxf6 Nxf6 66. Kxf6 Rd7 67. d5 Rxd5 68. Re2 a3 69. Re4+ Rd4 0-1